00425nam a2200169 a 450000100060000000300090000600800410001502000150005604000280007108200170009910000180011624500260013426000340016030000080019449000250020265000280022721707CO-ViMGA141112s2004 ck r 000 u spa d a8484539598 aCO-ViMGAbspacCO-ViMGA04a895.13 X454m1 aXingjian, Gao10aLa montaña del alma aBarcelona : bPlaneta, c2004 a651 aEdiciones del bronce14aNOVELA CHINA - SIGLO XX